Mario - Tous les jeux - Statistiques

Statistiques générales
  • Ce quiz a été pris 229 fois
  • Le résultat moyen est 47 sur 264
Statistiques - réponses
Année Console Jeux % Correct
1987 NES Super Mario Bros.
83%
2014 Wii U Mario Kart 8
80%
1983 Game & Watch Mario Bros.
74%
1983 Borne d'Arcade Mario Bros.
74%
1986 NES Mario Bros.
74%
2011 Nintendo 3DS Mario Kart 7
67%
2007 Wii Super Mario Galaxy
67%
2008 Wii Mario Kart Wii
66%
1999 Nintendo 64 Mario Party
66%
1997 Nintendo 64 Super Mario 64
64%
1989 NES Super Mario Bros. 2
64%
1991 NES Super Mario Bros. 3
61%
1981 Borne d'Arcade Donkey Kong
60%
1986 NES Donkey Kong
60%
1994 Game Boy Donkey Kong
60%
2017 Nintendo Switch Mario Kart 8 Deluxe
60%
2006 Nintendo DS New Super Mario Bros.
60%
2010 Wii Super Mario Galaxy 2
60%
2002 GameCube Super Mario Sunshine
60%
2005 Nintendo DS Mario Kart DS
59%
2017 Nintendo Switch Super Mario Odyssey
58%
2003 GameCube Mario Kart Double Dash !!
57%
1993 SNES Super Mario Kart
55%
2000 Nintendo 64 Mario Party 2
54%
2001 Nintendo 64 Mario Party 3
54%
2002 GameCube Mario Party 4
54%
2015 Wii U Mario Party 10
53%
2003 GameCube Mario Party 5
53%
2005 GameCube Mario Party 6
53%
2006 GameCube Mario Party 7
53%
2007 Wii Mario Party 8
53%
2012 Wii Mario Party 9
52%
2013 Wii U Super Mario 3D World
52%
1992 SNES Super Mario World
52%
2000 Game Boy Color/Nintendo 64 Mario Tennis
51%
2001 Game Boy Color Mario Tennis
51%
1997 Nintendo 64 Mario Kart 64
48%
2009 Wii New Super Mario Bros. Wii
48%
2002 GameCube Luigi's Mansion
46%
2018 Nintendo 3DS Luigi's Mansion
46%
2013 Nintendo 3DS Luigi's Mansion 2
45%
2001 Nintendo 64 Paper Mario
45%
2011 Nintendo 3DS Super Mario 3D Land
45%
2018 Nintendo Switch Super Mario Party
45%
2019 Nintendo Switch Luigi's Mansion 3
42%
1990 Game Boy Super Mario Land
42%
1999 Nintendo 64 Super Smash Bros.
40%
2012 Nintendo 3DS New Super Mario Bros. 2
39%
2012 Wii U New Super Mario Bros. U
39%
1999 Game Boy Color/Nintendo 64 Mario Golf
38%
2023 Nintendo Switch Super Mario Bros. Wonder
38%
2005 Nintendo DS Super Mario 64 DS
35%
2018 Nintendo Switch Super Smash Bros. Ultimate
34%
2002 GameCube Super Smash Bros. Melee
33%
2015 Wii U Super Mario Maker
32%
2019 Nintendo Switch Super Mario Maker 2
32%
2008 Wii Super Smash Bros. Brawl
31%
2024 Nintendo Switch Super Mario Party Jamboree
30%
2019 iOS/Android Mario Kart Tour
29%
1991 NES/Game Boy Dr. Mario
28%
2004 GameCube Paper Mario : La Porte Millénaire
28%
2024 Nintendo Switch Paper Mario : La Porte Millénaire
28%
2001 Game Boy Advance Mario Kart: Super Circuit
27%
1994 SNES Donkey Kong Country
26%
2000 Game Boy Color Donkey Kong Country
26%
2003 Game Boy Advance Donkey Kong Country
26%
2018 Nintendo Switch Mario Tennis Aces
26%
2023 Nintendo Switch Super Mario RPG
26%
2019 Nintendo Switch New Super Mario Bros. U Deluxe
25%
2016 iOS Super Mario Run
25%
2007 Nintendo DS Mario Party DS
24%
2021 Nintendo Switch Mario Party Superstars
24%
2004 Game Boy Advance Mario vs. Donkey Kong
24%
2024 Nintendo Switch Mario vs. Donkey Kong
24%
2016 Wii U Paper Mario: Color Splash
24%
2020 Nintendo Switch Super Mario 3D All-Stars
23%
1982 Borne d'Arcade Donkey Kong Jr.
22%
2013 Wii U New Super Luigi U
22%
1995 Virtual Boy Wario Land
22%
2006 Nintendo DS Mario et Luigi : Les Frères du temps
21%
1995 SNES Super Mario World 2: Yoshi's Island
21%
2007 Wii Super Paper Mario
21%
2014 Wii U Super Smash Bros. for Wii U
21%
2009 Nintendo DS Mario & Luigi : Voyage au Centre de Bowser
20%
2012 Nintendo 3DS Paper Mario: Sticker Star
20%
2021 Nintendo Switch Super Mario 3D World + Bowser's Fury
20%
2003 Game Boy Advance Mario & Luigi: Superstar Saga
19%
2020 Nintendo Switch Paper Mario: The Origami King
19%
2024 Nintendo Switch Princess Peach: Showtime!
19%
2014 Wii U Donkey Kong Country : Tropical Freeze
18%
2018 Nintendo Switch Donkey Kong Country : Tropical Freeze
18%
2006 Nintendo DS Super Princess Peach
18%
2013 Nintendo 3DS Mario and Luigi: Dream Team Bros.
17%
1992 SNES Mario Paint
17%
2007 Wii Mario & Sonic Aux Jeux Olympiques
17%
2008 Nintendo DS Mario & Sonic aux Jeux Olympiques
17%
2010 Wii Donkey Kong Country Returns
16%
2014 Nintendo 3DS Mario Party: Island Tour
16%
1986 FDS Super Mario Bros.: The Lost Levels
16%
2011 Wii Mario Sports Mix
15%
1998 Game Boy Wario Land 2
15%
2000 Game Boy Color Wario Land 3
15%
1994 CD-i Hotel Mario
14%
2024 Nintendo Switch Mario et Luigi : L'Épopée fraternelle
14%
1992 MS-DOS Mario is Missing !
14%
2016 Nintendo 3DS Mario & Luigi: Paper Jam Bros.
14%
2005 GameCube Mario Power Tennis
14%
2001 Game Boy Color Super Mario Advance
14%
2001 Game Boy Advance Wario Land 4
14%
2015 Wii U Yoshi's Woolly World
14%
2004 Game Boy Advance Donkey Kong Country 2
13%
2005 Game Boy Advance Donkey Kong Country 3
13%
1993 SNES Super Mario All-Stars
13%
2010 Wii Super Mario All-Stars
13%
2017 Nintendo 3DS Mario Party: The Top 100
12%
2009 Nintendo DS Mario & Sonic aux Jeux Olympiques d'hiver
12%
2009 Wii Mario & Sonic Aux Jeux Olympiques d'Hiver
12%
1999 Nintendo 64 Donkey Kong 64
11%
2005 Borne d'Arcade Mario Kart Arcade GP
11%
2022 Nintendo Switch Mario Strikers: Battle League Football
11%
2012 Nintendo 3DS Mario Tennis Open
11%
2019 Nintendo Switch Yoshi's Crafted World
11%
2015 Wii U Captain Toad: Treasure Tracker
10%
2018 Nintendo 3DS/Nintendo Switch Captain Toad: Treasure Tracker
10%
2016 Nintendo 3DS Mario Party: Star Rush
10%
2007 Nintendo DS Mario Slam Basketball
10%
2007 Wii Mario Strikers Charged Football
10%
2014 Nintendo 3DS Super Smash Bros. for Nintendo 3DS
10%
1998 Nintendo 64 Yoshi's Story
10%
2011 Wii Mario & Sonic Aux Jeux Olympiques de Londres 2012
9%
2012 Nintendo 3DS Mario & Sonic aux Jeux Olympiques de Londres 2012
9%
2015 Wii U Mario Tennis: Ultra Smash
9%
1999 Game Boy Color Super Mario Bros. Deluxe
9%
1992 Game Boy Super Mario Land 2: 6 Golden Coins
9%
2025 Nintendo Switch Donkey Kong Country Returns HD
8%
2024 Nintendo Switch Luigi's Mansion 2 HD
8%
2005 GameCube Mario Smash Football
8%
2017 Nintendo Switch Mario + The Lapins Crétins: Kingdom Battle
8%
2006 Nintendo DS Yoshi's Island DS
8%
2021 Nintendo Switch Mario Golf: Super Rush
7%
2007 Borne d'Arcade Mario Kart Arcade GP 2
7%
2013 Borne d'Arcade Mario Kart Arcade GP DX
7%
2005 Game Boy Advance Mario Party Advance
7%
2016 Nintendo 3DS/Wii U Mario & Sonic aux Jeux Olympiques de Rio 2016
7%
2019 Nintendo Switch Mario & Sonic aux Jeux Olympiques de Tokyo 2020
7%
2022 Nintendo Switch Mario + The Lapins Crétins: Sparks of Hope
7%
2023 Nintendo Switch WarioWare: Move It!
7%
1997 Nintendo 64 Diddy Kong Racing
6%
2019 iOS/Android Dr. Mario World
6%
2017 Nintendo 3DS Mario Sports Superstars
6%
2005 Nintendo DS WarioWare: Touched!
6%
2003 GameCube Wario World
6%
2014 Nintendo 3DS Yoshi's New Island
6%
1995 Game Boy Donkey Kong Land
5%
1986 NES Golf
5%
2004 GameCube Mario Golf: Toadstool Tour
5%
2017 Nintendo 3DS Mario & Luigi: Superstar Saga + Les sbires de Bowser
5%
1995 Game Boy Mario's Picross
5%
1993 NES Mario's Time Machine
5%
2008 Wii Mario Super Sluggers
5%
2003 Game Boy Advance Super Mario Advance 4: Super Mario Bros. 3
5%
2021 Nintendo Switch WarioWare: Get It Together!
5%
2007 Wii WarioWare: Smooth Moves
5%
1984 Borne d'Arcade Wrecking Crew
5%
2004 GameCube Donkey Konga
4%
2013 Nintendo 3DS Donkey Kong Country Returns 3D
4%
1996 Game Boy Donkey Kong Land 2
4%
1997 Game Boy Donkey Kong Land 3
4%
2001 Nintendo 64 Dr. Mario 64
4%
2013 Wii U Game & Wario
4%
2013 Wii U Mario et Sonic aux Jeux olympiques d'hiver de Sotchi 2014
4%
2020 Nintendo Switch Mario Kart Live: Home Circuit
4%
2019 Nintendo 3DS Mario & Luigi : Voyage au centre de Bowser + L'épopée de Bowser Jr.
4%
2005 GameCube Mario Superstar Baseball
4%
2018 Nintendo 3DS WarioWare Gold
4%
1992 NES Yoshi's Cookie
4%
2005 GameCube Dancing Stage Mario Mix
3%
2005 GameCube Donkey Kong Jungle Beat
3%
2014 Wii U Dr. Luigi
3%
1995 Virtual Boy Mario Clash
3%
2014 Nintendo 3DS Mario Golf: World Tour
3%
2017 Borne d'Arcade Mario Kart Arcade GP VR
3%
2007 Nintendo DS Mario vs. Donkey Kong 2: La Marche des Mini
3%
2016 Nintendo 3DS Super Mario Maker for Nintendo 3DS
3%
1996 SNES Super Mario RPG: Legend of the Seven Stars
3%
2008 Wii Wario Land: The Shake Dimension
3%
1986 NES Donkey Kong Jr. Math
2%
2004 Game Boy Advance Mario Golf: Advance Tour
2%
2004 Game Boy Advance Mario Pinball Land
2%
1983 Game & Watch Mario's Cement Factory
2%
1995 Virtual Boy Mario's Tennis
2%
1992 MS-DOS Mario Teaches Typing
2%
2005 Game Boy Advance Mario Tennis: Power Tour
2%
1993 Super Famicom Mario & Wario
2%
1991 Famicom/Game Boy Mario & Yoshi
2%
1992 NES NES Open Tournament Golf
2%
2017 Nintendo 3DS Poochy & Yoshi's Woolly World
2%
2002 Game Boy Advance Super Mario World: Super Mario Advance 2
2%
1995 NES Wario's Woods
2%
2002 Game Boy Advance Yoshi's Island: Super Mario Advance 3
2%
1993 SNES Yoshi's Safari
2%
2012 Wii Course à la fortune
1%
2007 Nintendo DS Diddy Kong Racing DS
1%
2007 Nintendo DS DK: Jungle Climber
1%
2005 Game Boy Advance DK: King of Swing
1%
2005 GameCube Donkey Konga 2
1%
2005 GameCube Donkey Konga 3
1%
2008 Wii Dr. Mario et Bactéricide
1%
2015 Nintendo 3DS Dr. Mario: Miracle Cure
1%
1997 Game Boy Game & Watch Gallery
1%
1998 Game Boy Color Game & Watch Gallery 2
1%
1999 Game Boy Color Game & Watch Gallery 3
1%
1986 FDS I Am a Teacher: Super Mario Sweater
1%
1988 FDS Kaettekita Mario Bros.
1%
1983 Game & Watch Mario's Bombs Away
1%
1995 PC/Mac Mario's Game Gallery
1%
1995 SNES Mario's Super Picross
1%
1996 PC Mario Teaches Typing 2
1%
1991 Game & Watch Mario The Juggler
1%
2009 Nintendo DSi Mario VS Donkey Kong : Le retour des Mini !
1%
2011 Nintendo DS Mario vs. Donkey Kong: Pagaille à Mini-Land !
1%
2015 Nintendo 3DS/Wii U Mario vs. Donkey Kong: Tipping Stars
1%
2016 Nintendo 3DS/Wii U Mini Mario & Friends: amiibo Challenge
1%
2013 Wii U NES Remix
1%
2014 Wii U NES Remix 2
1%
2011 Borne d'Arcade New Super Mario Bros. Wii Coin World
1%
1996 Game Boy Picross 2
1%
1992 MS-DOS Super Mario Bros. and Friends: When I Grow Up
1%
1986 Sharp X1/PC-88 Super Mario Bros. Special
1%
1995 Game Boy Wario Blast
1%
1994 Game Boy Wario Land: Super Mario Land 3
1%
2007 Nintendo DS Wario: Master of Disguise
1%
2010 Nintendo DS WarioWare: Do It Yourself
1%
2003 Game Boy Advance WarioWare, Inc.: Mega Mini-jeux
1%
2009 Nintendo DSi WarioWare: Snapped!
1%
2004 Game Boy Advance WarioWare: Twisted!
1%
2005 Game Boy Advance Yoshi's Universal Gravitation
1%
2005 Nintendo DS Yoshi Touch & Go
1%
1995 SNES Donkey Kong Country 2 : Diddy's Kong-Quest
0%
1996 SNES Donkey Kong Country 3 : Dixie Kong's Double Trouble
0%
2008 Wii Donkey Kong Jet Race
0%
2005 Game Boy Advance Dr. Mario & Puzzle League
0%
1997 Satellaview Excitebike: Bun Bun Mario Battle Stadium
0%
2002 Game Boy Advance Game & Watch Gallery Advance
0%
2007 Nintendo DS Itadaki Street DS
0%
2013 Nintendo 3DS Mario and Donkey Kong: Minis on the Move
0%
1999 Nintendo 64DD Mario Artist
0%
2001 Game Boy Color Mario Family
0%
1998 Nintendo 64 Mario no Photopi
0%
2009 Borne d'Arcade Mario Party Fushigi no Korokoro Catcher
0%
1993 SNES Mario's Early Years
0%
1994 SNES Mario's Early Years! Fun with Letters
0%
1994 SNES Mario's Early Years! Fun with Numbers
0%
1994 SNES Mario's Early Years! Preschool Fun
0%
1993 Borne d'Arcade Mario Unkurukai
0%
2014 Wii U NES Remix Pack
0%
2015 Nintendo 3DS Puzzle & Dragons: Super Mario Bros. Edition
0%
2004 Borne d'Arcade Super Mario Fushigi no Korokoro Party
0%
2005 Borne d'Arcade Super Mario Fushigi no Korokoro Party 2
0%
2014 Nintendo 3DS Ultimate NES Remix
0%
1995 Super Famicom Undake30 Same Game
0%
2008 Nintendo DS Une pause avec... Dr. Mario
0%
2010 Wii WarioWare: Do It Yourself - Showcase
0%
1998 Super Famicom Wrecking Crew '98
0%
Aucun quiz correspondant
Distribution des résultats
% des personnes avec chaque résultat
Percentile par nombre de réponses
Votre historique - résultats
Vous n’avez pas pris ce quiz